| 000 | 00456nam a2200133 a 4500 | ||
|---|---|---|---|
| 003 | PILC | ||
| 005 | 20150217180736.0 | ||
| 008 | 021022s19uu xx 00 eng d | ||
| 050 |
_aPGS '96 _bTAN #3 |
||
| 100 | _aTan, Jaymie Trisha | ||
| 245 | _aA Comp. study of the problems of male and female pubescents. | ||
| 856 | _uhttp://library.southville.edu.ph:8080/jspui/bitstream/123456789/45/1/Mini%20Thesis%20Jaymie%20Trisha%20L.%20Tan.pdf | ||
| 942 |
_cPASS _2lcc |
||
| 999 |
_c96099 _d96099 |
||